000 00593nam a2200229Ia 4500
003 OSt
005 20220918205649.0
006 a|||||r|||| 00| 0
007 ta
008 220917b |||||||| |||| 00| 0 eng d
024 _a117,451
037 _cTextual
040 _aARTS
_cARTS
_beng
041 _2eng
_aeng
082 _aV72:8-2:N3, E8
100 _aKennedy W P M ed
_9115774
245 0 _aDocuments of the Canadian constituion, 1759-1915
260 _c1918
650 _aHISTORY
942 _hV72:8-2:N3, E8
_cTEXL
_2CC
999 _c240732
_d240732